Política comercial en un contexto histórico : evaluación de la política comercial colombiana en el contexto del programa de apertura (1986-2006) /

Bibliographic Details
Other Authors: Torres R., Danilo (Torres Reina) (Editor)
Format: Electronic eBook
Language:Spanish
Published: [Bogotá] : Fundación Universidad de Bogotá Jorge Tadeo Lozano, [2008]
Subjects:
Online Access:Digitalia Hispánica

MARC

LEADER 00000nam a2200000Ii 4500
001 DIGEJTLOZ228
003 NyNyDIG
006 m o d
007 cr |||||||||||
008 250404s2008 ck ob 000 0 spa d
035 |a (OCoLC)1513492206 
040 |a DGITA  |b eng  |e rda  |e pn  |c DGITA 
020 |z 9789587250022 
041 0 |a spa  |b spa  |b eng 
043 |a s-ck--- 
050 1 4 |a HF1517 ebook 
245 0 0 |a Política comercial en un contexto histórico :  |b evaluación de la política comercial colombiana en el contexto del programa de apertura (1986-2006) /  |c director e investigador principal, Danilo Torres R. 
246 3 0 |a Evaluación de la política comercial colombiana en el contexto del programa de apertura (1986-2006) 
264 1 |a [Bogotá] :  |b Fundación Universidad de Bogotá Jorge Tadeo Lozano,  |c [2008] 
300 |a 1 online resource. 
336 |a text  |b txt  |2 rdacontent 
337 |a computer  |b c  |2 rdamedia 
338 |a online resource  |b cr  |2 rdacarrier 
347 |a text file  |2 rdaft 
347 |b PDF 
504 |a Includes bibliographical references. 
546 |a Text in Spanish with abstract in Spanish and English. 
588 0 |a Online resource; title from PDF title page (Digitalia, viewed April 4, 2025) 
651 0 |a Colombia  |x Commercial policy. 
650 0 |a Commercial policy. 
650 0 |a International economic relations. 
700 1 |a Torres R., Danilo  |q (Torres Reina),  |e editor. 
791 2 |a Digitalia (Firm),  |e distributor. 
793 0 |g Digitalia eBook Collection:  |a Editorial Jorge Tadeo Lozano 
776 0 8 |i Print version:  |t Política comercial en un contexto histórico.  |b Primera edición.  |d [Bogotá] : Fundación Universidad de Bogotá Jorge Tadeo Lozano, [2008]  |z 9789587250022 
856 4 0 |3 Digitalia Hispánica  |u https://www.digitaliapublishing.com/a/171428/ 
910 |a Premium collection: 2025